Œuvres /

保存先:
書誌詳細
第一著者: Moréas, Jean, 1856-1910
フォーマット: 図書
言語:French
出版事項: Genève : Slatkine, 1977.
LEADER 01029nam a2200253 p 4500
001 c000374131
003 CARM
005 00000000000000.0
008 790308r19771923sz 00010 fre
015 |a Sw77-10150 
019 1 |a 1225492  |z 54249580  |5 LACONCORD2021 
020 |c 125F 
035 |a (OCoLC)4779568  |5 LACONCORD2021 
050 0 0 |a PQ2367  |b .M3 1977 
100 1 |a Moréas, Jean,  |d 1856-1910. 
245 0 0 |a Œuvres /  |c Jean Moréas. 
260 |a Genève :  |b Slatkine,  |c 1977. 
300 |a 291, 283 p. ;  |c 23 cm. 
500 |a Reprint of the 1923-1926 ed. published in 2 v., by Mercure de France, Paris. 
505 0 |a I. Les Syrtes. Les cantilènes. Le pèlerin passionné. Énone au clair visage et sylves. Ériphyle et sylves nouvelles.--2. Les stances. Iphigénie. 
852 8 |b CARM  |h A1:AM14F0  |i B09425  |p 0429637  |f BK 
082 0 4 |a 841/.8 
999 f f |i 0a1d0773-b9d7-5b2a-98e3-6ef184b911a5  |s d1a151aa-1a9d-5321-9d6e-e3238b1e33e4 
952 f f |p Can circulate  |a CAVAL  |b CAVAL  |c CAVAL  |d CARM 1 Store  |e B09425  |f A1:AM14F0  |h Other scheme  |i book  |m 0429637